Inženýrská geologie /

Salvato in:
Dettagli Bibliografici
Autori principali: Záruba, Quido (Autore), Mencl, Vojtěch (Autore)
Natura: Libro
Lingua:ceco
Pubblicazione: Praha: Nakladatelství československé akademie věd, 1957
Edizione:2. doplnené vydanie
Tags: Aggiungi Tag
Nessun Tag, puoi essere il primo ad aggiungerne!!

MARC

LEADER 00000nam a22000003a 4500
001 0024706
003 SK-STU
005 20170622103413.4
007 ta
008 170622s ----xo-----e------000-0-----d
040 |a STU  |b slo 
041 0 |a cze  |h cze 
044 |a xr 
100 1 |a Záruba, Quido  |4 aut 
245 1 0 |a Inženýrská geologie /  |c aut. Quido Záruba, Vojtěch Mencl 
250 |a 2. doplnené vydanie 
260 |a Praha:  |b Nakladatelství československé akademie věd,  |c 1957 
300 |a 486 s. 
700 1 |a Mencl, Vojtěch  |4 aut 
996 |b 284V040598  |c V* 52642/O-23799  |l VVT  |s A  |a 24  |w 0024706_0001